<?xml version="1.0" encoding="UTF-8"?><?xml-stylesheet type="text/xsl" href="static/style.xsl"?><OAI-PMH xmlns="http://www.openarchives.org/OAI/2.0/" xmlns:xsi="http://www.w3.org/2001/XMLSchema-instance" xsi:schemaLocation="http://www.openarchives.org/OAI/2.0/ http://www.openarchives.org/OAI/2.0/OAI-PMH.xsd"><responseDate>2026-06-30T03:26:16Z</responseDate><request verb="GetRecord" identifier="oai:riubu.ubu.es:10259/6492" metadataPrefix="marc">https://riubu.ubu.es/oai/request</request><GetRecord><record><header><identifier>oai:riubu.ubu.es:10259/6492</identifier><datestamp>2023-02-06T10:59:23Z</datestamp><setSpec>com_10259_7354</setSpec><setSpec>com_10259_7353</setSpec><setSpec>com_10259_2604</setSpec><setSpec>col_10259_7383</setSpec></header><metadata><record xmlns="http://www.loc.gov/MARC21/slim" xmlns:doc="http://www.lyncode.com/xoai" xmlns:xsi="http://www.w3.org/2001/XMLSchema-instance" xmlns:dcterms="http://purl.org/dc/terms/" xsi:schemaLocation="http://www.loc.gov/MARC21/slim http://www.loc.gov/standards/marcxml/schema/MARC21slim.xsd">
<leader>00925njm 22002777a 4500</leader>
<datafield tag="042" ind1=" " ind2=" ">
<subfield code="a">dc</subfield>
</datafield>
<datafield tag="720" ind1=" " ind2=" ">
<subfield code="a">Casado Muñoz, Raquel</subfield>
<subfield code="e">author</subfield>
</datafield>
<datafield tag="720" ind1=" " ind2=" ">
<subfield code="a">Santa Olalla Mariscal, Gemma</subfield>
<subfield code="e">author</subfield>
</datafield>
<datafield tag="720" ind1=" " ind2=" ">
<subfield code="a">Medina Gómez, Mª Begoña</subfield>
<subfield code="e">author</subfield>
</datafield>
<datafield tag="720" ind1=" " ind2=" ">
<subfield code="a">Montesano, Lorena</subfield>
<subfield code="e">author</subfield>
</datafield>
<datafield tag="720" ind1=" " ind2=" ">
<subfield code="a">Muñoz Martín, Lucía</subfield>
<subfield code="e">author</subfield>
</datafield>
<datafield tag="720" ind1=" " ind2=" ">
<subfield code="a">Lozano Arnáiz, Laura</subfield>
<subfield code="e">author</subfield>
</datafield>
<datafield tag="720" ind1=" " ind2=" ">
<subfield code="a">Lorusso, Mª Luisa</subfield>
<subfield code="e">author</subfield>
</datafield>
<datafield tag="720" ind1=" " ind2=" ">
<subfield code="a">Martinuzzi, Andrea</subfield>
<subfield code="e">author</subfield>
</datafield>
<datafield tag="720" ind1=" " ind2=" ">
<subfield code="a">Ioan, Angela</subfield>
<subfield code="e">author</subfield>
</datafield>
<datafield tag="720" ind1=" " ind2=" ">
<subfield code="a">Costa Ruiz, Belén</subfield>
<subfield code="e">author</subfield>
</datafield>
<datafield tag="260" ind1=" " ind2=" ">
<subfield code="c">2022</subfield>
</datafield>
<datafield tag="520" ind1=" " ind2=" ">
<subfield code="a">Una de las principales Dificultades Específicas del Aprendizaje es la dislexia. Esta publicación aborda la dislexia así y muestra las principales políticas educativas y estrategias de atención a las dificultades en la lectoescritura llevadas a cabo en los países partipantes en el Proyecto Europeo Erasmus+ FORDYSVAR (España, Italia, Rumanía y Portugal).</subfield>
</datafield>
<datafield tag="520" ind1=" " ind2=" ">
<subfield code="a">One of the main Specific Learning Difficulties is dyslexia. This publication explains dyslexia in this way and shows the main educational policies and attention strategies for reading and writing difficulties carried out in the countries participating in the FORDYSVAR Erasmus+ European Project (Spain, Italy, Romania and Portugal).</subfield>
</datafield>
<datafield tag="024" ind2=" " ind1="8">
<subfield code="a">978-84-18465-19-2</subfield>
</datafield>
<datafield tag="024" ind2=" " ind1="8">
<subfield code="a">http://hdl.handle.net/10259/6492</subfield>
</datafield>
<datafield tag="024" ind2=" " ind1="8">
<subfield code="a">10.36443/9788418465192</subfield>
</datafield>
<datafield ind1=" " ind2=" " tag="653">
<subfield code="a">Dislexia</subfield>
</datafield>
<datafield ind1=" " ind2=" " tag="653">
<subfield code="a">Dificultad específica del aprendizaje</subfield>
</datafield>
<datafield ind1=" " ind2=" " tag="653">
<subfield code="a">Políticas educativas</subfield>
</datafield>
<datafield ind1=" " ind2=" " tag="653">
<subfield code="a">Atención a la diversidad</subfield>
</datafield>
<datafield ind1=" " ind2=" " tag="653">
<subfield code="a">Tecnología educativa</subfield>
</datafield>
<datafield ind1=" " ind2=" " tag="653">
<subfield code="a">Dyslexia</subfield>
</datafield>
<datafield ind1=" " ind2=" " tag="653">
<subfield code="a">Specific learning difficulty</subfield>
</datafield>
<datafield ind1=" " ind2=" " tag="653">
<subfield code="a">Educational policies</subfield>
</datafield>
<datafield ind1=" " ind2=" " tag="653">
<subfield code="a">Attention to diversity</subfield>
</datafield>
<datafield ind1=" " ind2=" " tag="653">
<subfield code="a">Educative technology</subfield>
</datafield>
<datafield tag="245" ind1="0" ind2="0">
<subfield code="a">FORDYSVAR: Book on specific learning difficulties in reading</subfield>
</datafield>
</record></metadata></record></GetRecord></OAI-PMH>